Shoplifting, the crime everybody pays for /

Bibliographic Details
Main Author: Francis, Dorothy Brenner
Format: Book
Language:English
Published: New York : Elsevier/Nelson Books, [1979]
Edition:1st ed.
Subjects:

MARC

Tag First Indicator Second Indicator Subfields
LEADER 00000pam a2200000 i 4500
001 in00000041469
005 20151007074547.0
008 790823s1979 nyu b 00110 eng
010 |a  79020807  
020 |a 0525666583 :  |c $7.95 
035 |a (OCoLC)05352995 
035 |9 AAF1718AM 
040 |a DLC  |c DLC  |d TXA  |d UtOrBLW 
043 |a n-us--- 
049 |a TXAM  |c [1383063] 
050 0 0 |a HV6658  |b .F7 1979 
082 0 |a 364.1/62 
100 1 |a Francis, Dorothy Brenner. 
245 1 0 |a Shoplifting, the crime everybody pays for /  |c Dorothy B. Francis. 
250 |a 1st ed. 
264 1 |a New York :  |b Elsevier/Nelson Books,  |c [1979] 
264 4 |c ©1979 
300 |a 128 pages ;  |c 21 cm. 
336 |a text  |b txt  |2 rdacontent 
337 |a unmediated  |b n  |2 rdamedia 
338 |a volume  |b nc  |2 rdacarrier 
500 |a Includes index. 
504 |a Bibliography: pages 121-122. 
650 0 |a Shoplifting  |z United States. 
650 0 |a Shoplifting  |z United States  |x Prevention. 
650 0 |a Retail trade  |z United States  |x Security measures. 
999 |a MARS 
999 f f |s b275b7d0-818b-36ce-80fa-692e60f48b10  |i c354d698-8f48-30a6-b71f-b0dbfc24f7cf  |t 0 
952 f f |p ric  |a Texas A&M University  |b Rellis Campus  |c Joint Library Facility  |d Remote Storage  |t 0  |e HV6658 .F7 1979  |h Library of Congress classification  |i unmediated -- volume  |m A14803036293 
998 f f |a HV6658 .F7 1979  |t 0  |l Remote Storage